000 00638nab a2200193 4500
001 244442
003 OSt
005 20250515080250.0
007 tu
008 200917s2020|||||||
040 _aDE-2950
_cDE-2950
245 0 0 _aKaum noch finanzielle Spielräume
_bBudget. Der OB von Frankfurt (Oder), René Wilke, kann erstmals während seiner Amtszeit keinen ausgeglichen Haushalt vorlegen/
_cLisa Larossa, Thoma Gutke
264 _c2024
653 _aFrankfurt (Oder)
653 _aStadthaushalt
653 _aProzess
773 0 _g36. Jahrgang (2025) Nr. 103 vom 05..05.2025, S. 11, mit Foto
_tMärkische Oderzeitung
942 _2z
_cA
999 _c373763
_d373763